| 000 | 00639nam a22001937a 4500 | ||
|---|---|---|---|
| 005 | 20220725110935.0 | ||
| 008 | 220725b ||||| |||| 00| 0 eng d | ||
| 040 | _cAloy | ||
| 041 | _ahin | ||
| 082 |
_223 _aH891.4 _bNAYL |
||
| 100 |
_aRam Nayik: राम नाईक _953048 |
||
| 245 |
_aLoksabha mein Ram Nayik: _bलोकसभा में राम नाईक |
||
| 260 |
_aMumbai _bVasanth Sati _c2003 |
||
| 300 |
_a196p. _bPB _c21x13cm. |
||
| 365 |
_2Hindi _b300.00 _c₹ _d300.00 |
||
| 650 |
_aHindi Prose: हिंदी गद्य _953044 |
||
| 700 |
_aNAYIK (Ram): नाईक (राम) _953045 |
||
| 942 |
_2ddc _cGF |
||
| 999 |
_c224146 _d224146 |
||